[Event "Titled Tuesday intern op 16th Apr Early"]
[Site "Chess.com INT"]
[Date "2024.04.16"]
[Round "9"]
[White "Melillo, Lucius"]
[Black "Solovjov, Alexandr"]
[Result "1-0"]
[WhiteElo "2274"]
[BlackElo "2237"]
[PlyCount "88"]
[EventDate "2024.04.16"]
[EventType "swiss (blitz)"]
[EventRounds "11"]
[EventCountry "USA"]
[SourceTitle "CB17_2024"]
[SourceDate "2024.04.24"]
[SourceVersion "1"]
[SourceVersionDate "2024.04.24"]
[SourceQuality "1"]

1. d4 Nf6 2. Nc3 d5 3. Bf4 c6 4. e3 e6 5. Bd3 Bd6 6. Nf3 Bxf4 7. exf4 c5 8. dxc5 Nbd7 9. b4 a5 10. a3 Qc7 11. g3 0-0 12. Nb5 Qb8 13. 0-0 Rd8 14. Nfd4 Nf8 15. c6 bxc6 16. Nxc6 Qb6 17. Nxd8 Qxd8 18. c4 Bb7 19. c5 Bc6 20. Nd4 Qd7 21. b5 Bb7 22. c6 Qc7 23. cxb7 Qxb7 24. a4 h6 25. Rc1 Qb6 26. Qd2 Kh8 27. Nc6 N8d7 28. Ne5 Nc5 29. Qe3 Rc8 30. Nc6 Nfd7 31. Be2 Rc7 32. Rc2 g6 33. Rfc1 Qb7 34. Rxc5 Nxc5 35. Qxc5 Kg7 36. b6 Rd7 37. Ne5 Re7 38. Qc6 Qb8 39. Ba6 g5 40. b7 gxf4 41. gxf4 Kf6 42. Qc8 Qd6 43. b8Q Qb4 44. Qxb4 axb4 1-0

[Event "Titled Tuesday intern op 16th Apr Early"]
[Site "Chess.com INT"]
[Date "2024.04.16"]
[Round "6"]
[White "Solovjov, Alexandr"]
[Black "Mirza, Diana"]
[Result "1-0"]
[WhiteElo "2237"]
[BlackElo "1956"]
[PlyCount "67"]
[EventDate "2024.04.16"]
[EventType "swiss (blitz)"]
[EventRounds "11"]
[EventCountry "USA"]
[SourceTitle "CB17_2024"]
[SourceDate "2024.04.24"]
[SourceVersion "1"]
[SourceVersionDate "2024.04.24"]
[SourceQuality "1"]

1. e4 d5 2. exd5 Qxd5 3. Nc3 Qd8 4. d4 g6 5. g3 Bg7 6. Nge2 Nf6 7. Bg2 0-0 8. 0-0 c6 9. a4 Nbd7 10. h3 Nb6 11. a5 Nbd5 12. Nxd5 Nxd5 13. c3 Bf5 14. Nf4 Nxf4 15. Bxf4 Qd7 16. Kh2 Rad8 17. a6 bxa6 18. Rxa6 Qb7 19. Rxc6 Qxb2 20. Qc1 Qxc1 21. Rxc1 Rc8 22. Ra1 Rxc6 23. Bxc6 Rc8 24. d5 e6 25. Rxa7 exd5 26. Bxd5 Bxc3 27. Rxf7 Kh8 28. g4 Bd3 29. Kg3 Rd8 30. Bb3 Bb5 31. Bc2 Ba1 32. f3 Bc4 33. Rc7 Bf7 34. Rxf7 1-0

[Event "Titled Tuesday intern op 02nd Apr Early"]
[Site "Chess.com INT"]
[Date "2024.04.02"]
[Round "7"]
[White "Kleibel, Uwe"]
[Black "Solovjov, Alexandr"]
[Result "1-0"]
[WhiteElo "2302"]
[BlackElo "2237"]
[PlyCount "27"]
[EventDate "2024.04.02"]
[EventType "swiss (blitz)"]
[EventRounds "11"]
[EventCountry "USA"]
[SourceTitle "CB15_2024"]
[SourceDate "2024.04.10"]
[SourceVersion "1"]
[SourceVersionDate "2024.04.10"]
[SourceQuality "1"]

1. e4 c5 2. Nf3 d6 3. d4 cxd4 4. Qxd4 Nc6 5. Qe3 Nf6 6. Be2 g6 7. 0-0 Bg7 8. h3 0-0 9. Rd1 Qb6 10. Qxb6 axb6 11. Nc3 Nb4 12. Ne1 Bd7 13. Be3 Bb5 14. Bxb5 1-0

[Event "Titled Tuesday intern op 02nd Apr Early"]
[Site "Chess.com INT"]
[Date "2024.04.02"]
[Round "10"]
[White "Solovjov, Alexandr"]
[Black "Feliz Dotel, Dewar Bienvenido"]
[Result "1-0"]
[WhiteElo "2237"]
[BlackElo "2032"]
[PlyCount "79"]
[EventDate "2024.04.02"]
[EventType "swiss (blitz)"]
[EventRounds "11"]
[EventCountry "USA"]
[SourceTitle "CB15_2024"]
[SourceDate "2024.04.10"]
[SourceVersion "1"]
[SourceVersionDate "2024.04.10"]
[SourceQuality "1"]

1. e4 c5 2. Nf3 g6 3. c3 Bg7 4. Bd3 d5 5. Bb5+ Bd7 6. Bxd7+ Qxd7 7. e5 Nc6 8. d4 cxd4 9. cxd4 Nh6 10. Nbd2 0-0 11. 0-0 a5 12. Nb3 b6 13. Be3 Nf5 14. Rc1 Rfc8 15. Qe2 e6 16. Qb5 Nxe5 17. Rxc8+ Rxc8 18. Qxb6 Nxf3+ 19. gxf3 Nxe3 20. fxe3 Rc2 21. Rf2 Rxf2 22. Kxf2 a4 23. Nc5 Qe7 24. Qb8+ Bf8 25. Nxa4 Qh4+ 26. Qg3 Qd8 27. Kg2 Qa5 28. b3 h5 29. Qf2 Be7 30. Qc2 Kg7 31. Nc5 Qe1 32. Nd3 Qxe3 33. Nf2 Qxd4 34. a4 h4 35. a5 Bb4 36. a6 Be1 37. Nd3 Ba5 38. Nf2 Bb6 39. Qe2 Qa1 40. Kh3 1-0

[Event "Bratsk-ch"]
[Site "Bratsk"]
[Date "2017.12.23"]
[Round "10"]
[White "Solovjov, Alexandr"]
[Black "Andronov, Alexey"]
[Result "1-0"]
[WhiteElo "2212"]
[BlackElo "2019"]
[PlyCount "67"]
[EventDate "2017.12.14"]
[EventType "tourn"]
[EventRounds "11"]
[EventCountry "RUS"]
[SourceTitle "CBM 182 Extra"]
[Source "ChessBase"]
[SourceDate "2018.02.23"]
[SourceVersion "1"]
[SourceVersionDate "2018.02.23"]
[SourceQuality "1"]

1. d4 Nf6 2. c4 g6 3. Nc3 d5 4. cxd5 Nxd5 5. e4 Nxc3 6. bxc3 Bg7 7. Bc4 0-0 8. Ne2 c5 9. 0-0 cxd4 10. cxd4 Nc6 11. Be3 Bg4 12. f3 Bd7 13. Rb1 Na5 14. Bd3 b6 15. Qd2 Rc8 16. Rfc1 Rxc1+ 17. Rxc1 Re8 18. Nc3 e6 19. e5 Bc6 20. Ne4 Bxe4 21. fxe4 Qd7 22. Qc2 Rd8 23. Ba6 Qe7 24. Kh1 f6 25. exf6 Bxf6 26. Qc3 Bg7 27. Be2 Rf8 28. e5 Qb7 29. Kg1 Rd8 30. Qc7 Rf8 31. Bg4 Qxc7 32. Rxc7 Re8 33. Rc8 Rxc8 34. Bxe6+ 1-0

[Event "Bratsk-ch"]
[Site "Bratsk"]
[Date "2016.03.13"]
[Round "4"]
[White "Gobzhila, Evgeny"]
[Black "Solovjov, Alexandr"]
[Result "1-0"]
[WhiteElo "2204"]
[BlackElo "2191"]
[PlyCount "133"]
[EventDate "2016.03.10"]
[EventType "tourn"]
[EventRounds "11"]
[EventCountry "RUS"]
[SourceTitle "CBM 171 Extra"]
[Source "ChessBase"]
[SourceDate "2016.04.26"]
[SourceVersion "1"]
[SourceVersionDate "2016.04.26"]
[SourceQuality "1"]

1. d4 Nf6 2. c4 g6 3. Nc3 Bg7 4. e4 0-0 5. Be2 d6 6. Bg5 h6 7. Be3 c5 8. dxc5 Qa5 9. Bd2 Qxc5 10. Nf3 Bg4 11. 0-0 Bxf3 12. Bxf3 Nc6 13. b3 Nd4 14. Rc1 Rac8 15. Be2 a6 16. Be3 Nxe2+ 17. Qxe2 Qh5 18. Qxh5 Nxh5 19. Nd5 Rfe8 20. Rfd1 g5 21. g3 Nf6 22. Nb6 Rc6 23. f3 g4 24. Nd5 gxf3 25. Nxf6+ exf6 26. Rd5 Rxe4 27. Kf2 Re5 28. Rcd1 Bf8 29. Kxf3 b5 30. cxb5 axb5 31. Bf4 Rc3+ 32. R5d3 Rec5 33. Rxc3 Rxc3+ 34. Ke4 Rc6 35. a4 b4 36. Ra1 f5+ 37. Kxf5 Rc5+ 38. Kg4 h5+ 39. Kh3 Ra5 40. Rd1 d5 41. Rd4 f6 42. Bd2 Kf7 43. Bxb4 Bxb4 44. Rxb4 Ke6 45. Kg2 Ke5 46. Kf3 Rc5 47. Ke3 Rc2 48. a5 Ra2 49. Ra4 Rb2 50. a6 Rxb3+ 51. Kd2 Rb8 52. a7 Ra8 53. Ke3 Kf5 54. h3 h4 55. gxh4 Ke5 56. h5 f5 57. h6 Kf6 58. Ra6+ Kf7 59. h4 Kg8 60. Kf4 d4 61. Kxf5 d3 62. Kg6 Kh8 63. Rb6 Rg8+ 64. Kf7 d2 65. Rb8 d1Q 66. Rxg8+ Kh7 67. Rh8+ 1-0

[Event "Bratsk-ch"]
[Site "Bratsk"]
[Date "2016.03.12"]
[Round "3"]
[White "Solovjov, Alexandr"]
[Black "Sevostyanov, Vasily"]
[Result "1-0"]
[WhiteElo "2191"]
[BlackElo "1978"]
[PlyCount "95"]
[EventDate "2016.03.10"]
[EventType "tourn"]
[EventRounds "11"]
[EventCountry "RUS"]
[SourceTitle "CBM 171 Extra"]
[Source "ChessBase"]
[SourceDate "2016.04.26"]
[SourceVersion "1"]
[SourceVersionDate "2016.04.26"]
[SourceQuality "1"]

1. e4 c6 2. d4 d5 3. Nc3 dxe4 4. Nxe4 Bf5 5. Ng3 Bg6 6. h4 h6 7. Nf3 Nd7 8. h5 Bh7 9. Bd3 Bxd3 10. Qxd3 e6 11. Bd2 Qc7 12. 0-0-0 0-0-0 13. Qe2 Ngf6 14. Ne5 Nxe5 15. dxe5 Nd5 16. f4 Bc5 17. Ne4 Be7 18. g4 Rhf8 19. a3 Kb8 20. c4 Nb6 21. Ba5 c5 22. Rxd8+ Rxd8 23. Rd1 f5 24. gxf5 exf5 25. Nc3 Rxd1+ 26. Qxd1 Qc6 27. Bxb6 axb6 28. Qd5 g5 29. Qg8+ Qc8 30. Qh7 Qe6 31. Qh8+ Kc7 32. Nd5+ Kd7 33. Qb8 Qc6 34. e6+ Qxe6 35. Qxb7+ Kd8 36. Qb8+ Kd7 37. Nxb6+ Kc6 38. Nd5 Qe1+ 39. Kc2 Qe4+ 40. Kb3 Qd3+ 41. Nc3 g4 42. a4 g3 43. a5 Bd8 44. a6 Qd7 45. a7 Qb7+ 46. Nb5 Be7 47. Qc7+ Qxc7 48. Nxc7 1-0

[Event "Bratsk-ch"]
[Site "Bratsk"]
[Date "2016.03.10"]
[Round "1"]
[White "Sevryuk, Sergey"]
[Black "Solovjov, Alexandr"]
[Result "0-1"]
[WhiteElo "2158"]
[BlackElo "2191"]
[PlyCount "84"]
[EventDate "2016.03.10"]
[EventType "tourn"]
[EventRounds "11"]
[EventCountry "RUS"]
[SourceTitle "CBM 171 Extra"]
[Source "ChessBase"]
[SourceDate "2016.04.26"]
[SourceVersion "1"]
[SourceVersionDate "2016.04.26"]
[SourceQuality "1"]

1. e4 c5 2. Nf3 d6 3. d4 cxd4 4. Nxd4 Nf6 5. Nc3 a6 6. Bc4 e6 7. Bb3 b5 8. a3 Be7 9. 0-0 0-0 10. f4 Bb7 11. Qe2 Nbd7 12. e5 dxe5 13. fxe5 Bc5 14. Be3 Nxe5 15. Nxe6 Bxe3+ 16. Qxe3 fxe6 17. Qxe5 Qb6+ 18. Kh1 Rae8 19. Rad1 Kh8 20. h3 h6 21. Rd4 Nd7 22. Rxf8+ Rxf8 23. Qd6 Rf1+ 24. Kh2 Rf2 25. Kg1 Rxg2+ 26. Kf1 Qxd6 27. Rxd6 Nc5 28. Rb6 Rg6 29. Ba2 Bg2+ 30. Kf2 Bxh3 31. b4 Rg2+ 32. Ke3 Rg3+ 33. Kd4 Nd7 34. Rc6 e5+ 35. Kd5 Bg2+ 36. Ne4 Nf6+ 37. Kxe5 Bxe4 38. Rxa6 Bxc2 39. Be6 h5 40. Rc6 Bg6 41. Rb6 h4 42. Rxb5 Rg5+ 0-1

[Event "Bratsk-ch"]
[Site "Bratsk"]
[Date "2015.03.13"]
[Round "3"]
[White "Kuznetsov, Roman V"]
[Black "Solovjov, Alexandr"]
[Result "1/2-1/2"]
[WhiteElo "2181"]
[BlackElo "2193"]
[PlyCount "27"]
[EventDate "2015.03.11"]
[EventType "tourn"]
[EventRounds "11"]
[EventCountry "RUS"]
[SourceTitle "CBM 165 Extra"]
[Source "ChessBase"]
[SourceDate "2015.04.21"]
[SourceVersion "1"]
[SourceVersionDate "2015.04.21"]
[SourceQuality "1"]

1. d4 d5 2. Nf3 c6 3. e3 Nf6 4. Bd3 Bg4 5. Nbd2 e6 6. 0-0 Bd6 7. c4 Nbd7 8. Qc2 0-0 9. b3 e5 10. dxe5 Nxe5 11. Nxe5 Bxe5 12. Rb1 Qc7 13. h3 Bd7 14. Re1 1/2-1/2

[Event "Bratsk-ch"]
[Site "Bratsk"]
[Date "2014.03.22"]
[Round "15"]
[White "Solovjov, Alexandr"]
[Black "Kravchuk, Oleg"]
[Result "1/2-1/2"]
[WhiteElo "2190"]
[BlackElo "2246"]
[PlyCount "33"]
[EventDate "2014.03.10"]
[EventType "tourn"]
[EventRounds "15"]
[EventCountry "RUS"]
[SourceTitle "CBM 159 Extra"]
[Source "ChessBase"]
[SourceDate "2014.04.24"]
[SourceVersion "1"]
[SourceVersionDate "2014.04.24"]
[SourceQuality "1"]

1. e4 c6 2. d4 d5 3. exd5 cxd5 4. c3 Nc6 5. Nf3 Nf6 6. Bd3 e6 7. Bf4 Bd6 8. Bxd6 Qxd6 9. 0-0 0-0 10. Nbd2 b6 11. Re1 a5 12. Ne5 Ba6 13. Ndf3 Bxd3 14. Qxd3 Nd7 15. Nxc6 Qxc6 16. Ne5 Nxe5 17. Rxe5 1/2-1/2

[Event "Bratsk-ch"]
[Site "Bratsk"]
[Date "2014.03.11"]
[Round "2"]
[White "Podsevny, Alexander"]
[Black "Solovjov, Alexandr"]
[Result "0-1"]
[WhiteElo "2003"]
[BlackElo "2190"]
[PlyCount "130"]
[EventDate "2014.03.10"]
[EventType "tourn"]
[EventRounds "15"]
[EventCountry "RUS"]
[SourceTitle "CBM 159 Extra"]
[Source "ChessBase"]
[SourceDate "2014.04.24"]
[SourceVersion "1"]
[SourceVersionDate "2014.04.24"]
[SourceQuality "1"]

1. g3 g6 2. Bg2 Bg7 3. c4 Nf6 4. Nc3 0-0 5. Nf3 d6 6. 0-0 Nc6 7. b3 e5 8. Bb2 Bg4 9. h3 Bxf3 10. Bxf3 Qd7 11. Kh2 Rae8 12. Bg2 h5 13. e3 e4 14. a3 Ne5 15. Rb1 Nd3 16. Ba1 c6 17. Qe2 d5 18. cxd5 cxd5 19. f3 h4 20. gxh4 exf3 21. Rxf3 Ne5 22. Rf4 Qd6 23. Kg1 Nh5 24. Ra4 a6 25. Nxd5 b5 26. Rd4 Qxa3 27. Bc3 Nc6 28. Rg4 Bxc3 29. Nxc3 Qd6 30. Rg5 Nf4 31. Qf3 Nxg2 32. Qxg2 Re5 33. Ne4 Qd3 34. Nf6+ Kg7 35. Rc1 Kxf6 36. Rxc6+ Re6 37. Rxe6+ fxe6 38. h5 gxh5 39. h4 Rf7 40. Qf3+ Ke7 41. Qb7+ Kf6 42. Qg2 Ke7 43. Rxh5 Qxb3 44. Rh6 Kd6 45. h5 Qd1+ 46. Kh2 Qf3 47. Qxf3 Rxf3 48. Kg2 Rf5 49. d4 b4 50. e4 Rb5 51. d5 b3 52. Rxe6+ Kd7 53. h6 b2 54. h7 Rb8 55. Rb6 Rxb6 56. h8Q b1Q 57. Qg7+ Kd6 58. Qf6+ Kc5 59. Qc3+ Kb5 60. Kf3 Rh6 61. Qd2 Rh1 62. Ke3 Qg1+ 63. Kf4 Qh2+ 64. Qxh2 Rxh2 65. Ke5 Kc5 0-1

[Event "Bratsk-ch"]
[Site "Bratsk"]
[Date "2014.03.10"]
[Round "1"]
[White "Andronov, Alexey"]
[Black "Solovjov, Alexandr"]
[Result "0-1"]
[WhiteElo "1973"]
[BlackElo "2190"]
[PlyCount "50"]
[EventDate "2014.03.10"]
[EventType "tourn"]
[EventRounds "15"]
[EventCountry "RUS"]
[SourceTitle "CBM 159 Extra"]
[Source "ChessBase"]
[SourceDate "2014.04.24"]
[SourceVersion "1"]
[SourceVersionDate "2014.04.24"]
[SourceQuality "1"]

1. d4 Nf6 2. c4 e6 3. Nf3 d5 4. Nc3 Bb4 5. Bg5 c5 6. cxd5 Qxd5 7. Bxf6 gxf6 8. a3 Bxc3+ 9. bxc3 Nc6 10. e3 c4 11. Nd2 b5 12. a4 Ba6 13. Qg4 b4 14. e4 Qd7 15. Bxc4 bxc3 16. 0-0 Bxc4 17. Nxc4 Qxd4 18. Ne3 Ne5 19. Qg7 Ke7 20. Ng4 Nxg4 21. Qxg4 c2 22. g3 Rac8 23. Qf4 e5 24. Qh6 Rhd8 25. Qxh7 Qxa1 0-1

[Event "Irkutsk Region-ch"]
[Site "Irkutsk"]
[Date "2012.10.31"]
[Round "13"]
[White "Solovjov, Alexandr"]
[Black "Shelk, Alexander"]
[Result "1-0"]
[WhiteElo "2196"]
[BlackElo "2348"]
[PlyCount "81"]
[EventDate "2012.10.19"]
[EventType "tourn"]
[EventRounds "13"]
[EventCountry "RUS"]
[SourceTitle "EXT 2014"]
[Source "ChessBase"]
[SourceDate "2013.11.20"]
[SourceVersion "1"]
[SourceVersionDate "2013.11.20"]
[SourceQuality "1"]

1. e4 c5 2. Nf3 e6 3. d4 cxd4 4. Nxd4 a6 5. Bd3 Nc6 6. Nb3 Nf6 7. 0-0 Qc7 8. a4 d5 9. Nc3 dxe4 10. Nxe4 Be7 11. c3 b6 12. Qf3 Bb7 13. Bf4 e5 14. Be3 Nxe4 15. Bxe4 0-0 16. Bd5 Bd6 17. a5 bxa5 18. Ra4 Nd8 19. Nxa5 e4 20. Qxe4 Bxd5 21. Qxd5 Rb8 22. Rh4 Rb5 23. Qd3 g6 24. Nc4 Bc5 25. Bf4 Qe7 26. Qh3 f6 27. b4 g5 28. Rg4 Kh8 29. Bg3 f5 30. Be5+ Kg8 31. Rg3 f4 32. Rd3 Nf7 33. Rd7 Qe8 34. bxc5 Rxc5 35. Bd6 Rxc4 36. Bxf8 Kxf8 37. Ra7 Qe4 38. Qd7 Qg6 39. Re1 f3 40. gxf3 g4 41. Qe8+ 1-0

[Event "Irkutsk Region-ch"]
[Site "Irkutsk"]
[Date "2012.10.29"]
[Round "11"]
[White "Solovjov, Alexandr"]
[Black "Rozhnev, Gennady"]
[Result "0-1"]
[WhiteElo "2196"]
[BlackElo "2091"]
[PlyCount "86"]
[EventDate "2012.10.19"]
[EventType "tourn"]
[EventRounds "13"]
[EventCountry "RUS"]
[SourceTitle "EXT 2014"]
[Source "ChessBase"]
[SourceDate "2013.11.20"]
[SourceVersion "1"]
[SourceVersionDate "2013.11.20"]
[SourceQuality "1"]

1. e4 c5 2. Nf3 Nc6 3. Nc3 d6 4. d4 cxd4 5. Nxd4 Bd7 6. Bc4 Nf6 7. Bg5 a6 8. Bxf6 exf6 9. 0-0 g6 10. Re1 Be7 11. Nd5 0-0 12. a4 Re8 13. Nxc6 bxc6 14. Nc3 Be6 15. Qd3 a5 16. b3 Qb6 17. Ne2 Bf8 18. Nf4 Bd7 19. h4 Qc5 20. Rad1 Bg4 21. Rd2 d5 22. Qg3 h5 23. Bd3 Qc3 24. Rde2 Bxe2 25. Rxe2 Bd6 26. e5 Bxe5 27. Rxe5 Rxe5 28. Kh2 Kf8 29. Qf3 Re1 30. g3 Rae8 31. Kg2 Kg7 32. g4 Qa1 33. Nh3 hxg4 34. Qxg4 Qe5 35. Nf4 Re4 36. Bxe4 Qxe4+ 37. Kg1 Re5 38. Qg3 Qxc2 39. Kh2 Rf5 40. h5 Qd2 41. Nxg6 Rxf2+ 42. Kh3 fxg6 43. Qxg6+ Kf8 0-1

[Event "Irkutsk Region-ch"]
[Site "Irkutsk"]
[Date "2012.10.28"]
[Round "10"]
[White "Obolenskikh, Dmitry Aleksandrovi"]
[Black "Solovjov, Alexandr"]
[Result "1-0"]
[WhiteElo "2496"]
[BlackElo "2196"]
[PlyCount "63"]
[EventDate "2012.10.19"]
[EventType "tourn"]
[EventRounds "13"]
[EventCountry "RUS"]
[SourceTitle "EXT 2014"]
[Source "ChessBase"]
[SourceDate "2013.11.20"]
[SourceVersion "1"]
[SourceVersionDate "2013.11.20"]
[SourceQuality "1"]

1. Nf3 Nf6 2. c4 g6 3. Nc3 Bg7 4. e4 d6 5. d4 0-0 6. Be2 e5 7. 0-0 Nc6 8. d5 Ne7 9. Ne1 Nd7 10. Nd3 f5 11. Bd2 Nf6 12. f3 f4 13. c5 g5 14. h3 Ng6 15. cxd6 cxd6 16. Nf2 Rf7 17. Qc2 h5 18. Rfc1 g4 19. fxg4 hxg4 20. hxg4 Nh4 21. Nb5 f3 22. gxf3 Nxf3+ 23. Bxf3 Nxg4 24. Bxg4 Qh4 25. Qxc8+ Rxc8 26. Rxc8+ Bf8 27. Bf5 Rg7+ 28. Kf1 Qh2 29. Re1 Rg2 30. Be3 Kf7 31. Rc7+ Kf6 32. Rh7 1-0

[Event "Irkutsk Region-ch"]
[Site "Irkutsk"]
[Date "2012.10.21"]
[Round "3"]
[White "Solovjov, Alexandr"]
[Black "Privalikhin, Fedor"]
[Result "1/2-1/2"]
[WhiteElo "2196"]
[BlackElo "2166"]
[PlyCount "90"]
[EventDate "2012.10.19"]
[EventType "tourn"]
[EventRounds "13"]
[EventCountry "RUS"]
[SourceTitle "EXT 2014"]
[Source "ChessBase"]
[SourceDate "2013.11.20"]
[SourceVersion "1"]
[SourceVersionDate "2013.11.20"]
[SourceQuality "1"]

1. e4 e5 2. Nf3 Nc6 3. Bc4 Nf6 4. d3 h6 5. 0-0 Be7 6. c3 0-0 7. Nbd2 d6 8. h3 Be6 9. Re1 Nd7 10. d4 Bxc4 11. Nxc4 Re8 12. d5 Ncb8 13. Ne3 Nf8 14. Nf5 Ng6 15. Nh2 Bg5 16. Ng4 Kh7 17. g3 Rh8 18. h4 Bxc1 19. Qxc1 h5 20. Nh2 Nd7 21. Qd1 Kg8 22. b4 a5 23. a3 Nf6 24. Nf3 Qd7 25. Qd3 Ne7 26. Ne3 Qa4 27. Nc2 Qd7 28. c4 g6 29. c5 Kg7 30. Ne3 Rhe8 31. cxd6 cxd6 32. Nc4 Nexd5 33. Ng5 b5 34. Nxa5 Nb6 35. Red1 d5 36. exd5 e4 37. Qd4 Nbxd5 38. Rac1 Rac8 39. Rxc8 Qxc8 40. Re1 Qc2 41. Nb7 Qc7 42. Nc5 e3 43. Nce4 exf2+ 44. Kxf2 Qe5 45. Qxe5 Rxe5 1/2-1/2